000 00581nam a2200169 i 4500
001 41715
003 ES-MaACL
005 20230915210256.0
007 t|
008 030311s1844 sp ||||1| spa d
100 1 _aCastellanos de Losada, Basilio Sebastián,
_d1807-1891
_936540
245 1 0 _aColección de romances mímico-dramáticos y de cuentos en variedad de metros /
_cBasilio Sebastián Castellanos.
260 _aMadrid :
_b[s.n.],
_c1844 (
_fImpr. de José Repullés)
300 _a258 p. ;
_c18 cm.
852 _aES-MaACL
_jT-343-F-11
999 _c41715
_d41715